000 00510nam a2200193Ia 4500
003 OSt
005 20230327111547.0
008 210423s2008 xx 000 0 und d
040 _cAL
041 _aeng
082 _a574.192028
_223
_b PLUD
100 _aPLUMMER (David T).
_978241
245 _aIntroduction to practical biochemistry.
260 _aNew Delhi
_bTata McGrawhill
_c2008
300 _axvii,332
365 _b230
_cINR
906 _abiochemistry. ; Introduction ; practical
942 _2ddc
_cBK
999 _c154126
_d154126